000 00740nam a22002657a 4500
008 130825b xxu||||| |||| 00| 0 eng d
020 _a81-85623-22-8
037 _a
_bbuy
_cavailable
040 _aMBSTU Library
_dMBSTU Library
082 _222
_a005.262 LAO
100 _aLafore, Robert
110 _a
245 _aObject oriented programming in turbo C ++
250 _a
260 _aNew Delhi
_bGalgofia
_c2003
300 _a18 cm
_b739 page
_f5
_g18 cm
600 _aProgramming Language
610 _a C++
700 _aLafore, Robert
710 _a
270 _aNew Delhi
_bNew Delhi
_dIndia
365 _b360.00
_d360.00
942 _2ddc
_cBK
999 _c617
_d617